Memorias de la VII Conferencia Internacional de Derecho de Familia y II Escuela Ibero-Latinoamericana de Derecho de Familia (Registro nro. 163488)
[ vista simple ]
| 000 -LEADER | |
|---|---|
| fixed length control field | 01398nam a22002777a 4500 |
| 007 - PHYSICAL DESCRIPTION FIXED FIELD--GENERAL INFORMATION | |
| fixed length control field | cr|||| |||| |
| 008 - FIXED-LENGTH DATA ELEMENTS--GENERAL INFORMATION | |
| fixed length control field | 140827s2013 cu |||||s|||| 00||0 spa d |
| 020 ## - INTERNATIONAL STANDARD BOOK NUMBER | |
| International Standard Book Number | 978-959-7219-10-1 |
| 035 ## - | |
| -- | 12366 |
| 040 ## - CATALOGING SOURCE | |
| Original cataloging agency | vLex |
| 090 ## - | |
| -- | 5141 |
| -- | 5141 |
| 100 1# - MAIN ENTRY--PERSONAL NAME | |
| Personal name | Mesa Castillo, Olga |
| 245 10 - TITLE STATEMENT | |
| Title | Memorias de la VII Conferencia Internacional de Derecho de Familia y II Escuela Ibero-Latinoamericana de Derecho de Familia |
| Medium | [Recurso electrónico] / |
| Statement of responsibility, etc | Olga Mesa Castillo, Yamila González Ferrer |
| 256 ## - | |
| -- | Servicio en línea |
| 260 ## - PUBLICATION, DISTRIBUTION, ETC. (IMPRINT) | |
| Place of publication, distribution, etc | La Habana: |
| Name of publisher, distributor, etc | Unión Nacional de Juristas de Cuba, |
| Date of publication, distribution, etc | 2013 |
| 300 ## - PHYSICAL DESCRIPTION | |
| Extent | 1 recurso electrónico |
| 500 ## - GENERAL NOTE | |
| General note | Resto del título: otras disciplinas afines. |
| 506 1# - RESTRICTIONS ON ACCESS NOTE | |
| Terms governing access | Disponible solo en los productos indicados |
| Authorized users | vLex Global |
| -- | vLex Global (Academic Edition, excluding Law Schools) |
| -- | vLex Global (U.S. Academic Edition, Law Schools) |
| -- | vLex Global (U.S. Academic Edition, excluding Law Schools) |
| -- | vLex Global (Academic Edition, Law Schools) |
| 650 04 - SUBJECT ADDED ENTRY--TOPICAL TERM | |
| Topical term or geographic name as entry element | Derecho Civil |
| Geographic subdivision | Cuba |
| 650 04 - SUBJECT ADDED ENTRY--TOPICAL TERM | |
| Topical term or geographic name as entry element | Familia y Sucesiones |
| Geographic subdivision | Cuba |
| 700 1# - ADDED ENTRY--PERSONAL NAME | |
| Personal name | González Ferrer, Yamila |
| 740 0# - | |
| -- | vLex Libros (Servicio en línea) |
| 856 40 - LOCALIZACIÓN Y ACCESO ELECTRÓNICO | |
| Identificador Uniforme del Recurso (URI/URL) | https://app.vlex.com/#/sources/memorias-de-la-vii-conferencia-internacional-de-derecho-de-familia-y-ii-escuela-ibero-latinoamericana-de-derecho-de-familia-y-otras-disciplinas-afines-12366 |
| 942 ## - | |
| -- | RAA |
| 999 ## - | |
| -- | 163488 |
| -- | 163488 |
No hay ítems disponibles.